000 00299nam a2200133Ia 4500
008 090707b ii f a fnsan d
100 _aMohanjit, ed.
_917614
245 _aPattan te parchhaven
260 _aDelhi
260 _bArsee Publishers
260 _c1994
300 _a119p.
942 _cBK
999 _c18899
_d18899